| 000 | 01419cam a2200133 4500500 | ||
|---|---|---|---|
| 005 | 20260405085600.0 | ||
| 041 | _afre | ||
| 042 | _adc | ||
| 100 | 1 | 0 |
_aMazauric, Simone _eauthor |
| 245 | 0 | 0 | _aHistoire des sciences à l'époque moderne |
| 260 |
_bArmand Colin,
_c2009. |
||
| 520 | _aL’époque moderne est une période particulièrement importante dans l’histoire des sciences occidentales. De la Renaissance aux Lumières, on assiste en Europe à une transformation remarquable des pratiques savantes qui se traduit par l’émergence de nouveaux savoirs, dont savants et philosophes, à la fin du XVIIIe siècle, se plairont à dresser l’inventaire, afin d’attester la réalité d’un progrès que nul ne remet alors en question. À ce processus ont contribué tous ceux que l’on tient pour les « pères » de la science moderne : Copernic, Paracelse, Kepler, Galilée, Descartes, Newton, mais aussi Bacon, Pascal, Maupertuis ou Lavoisier. Mais plus qu’à ces « grands hommes » qui focalisent sur eux l’attention des historiens, c’est à l’analyse de cette « révolution » que veut se consacrer cet ouvrage en la resituant au sein d’une configuration globale, aux multiples composantes contextuelles, philosophiques, religieuses, sociales et politiques. | ||
| 856 | 4 | 1 | _uhttps://shs.cairn.info/histoire-des-sciences-epoque-moderne--9782200345211?lang=fr&redirect-ssocas=7080 |
| 999 |
_c2198716 _d2198716 |
||